000 00766nam a2200229 a 4500
005 20220603152213.0
008 160817s2015 mx r 000 0 spa d
020 _a9786074019315
035 _aUPN01000212388
049 _aCG
050 4 _aJL1283
_bC5.8
245 0 0 _aCiudad y ciudadanía :
_bhacia una resignificación desde el contexto mexicano /
_ccoord. Jorge Olvera García.
260 _aMéxico :
_bUAEM :
_bPorrúa,
_c2015.
300 _a271 p. :
_bcuadros, gráfs.
440 4 _aLas ciencias sociales.
_pSociología
650 4 _aCiudadanía
_zMéxico
_99106
650 4 _aSOCIOLOGIA URBANA -
_zMEXICO
_921903
650 4 _aURBANIZACION -
_zMEXICO
_917389
700 1 _aOlvera García, Jorge,
_d1962-
_ecoord.
_939136
905 _aLibro
999 _c184488
_d184488